<?xml version="1.0" encoding="UTF-8"?>
<record
    xmlns:xsi="http://www.w3.org/2001/XMLSchema-instance"
    xsi:schemaLocation="http://www.loc.gov/MARC21/slim http://www.loc.gov/standards/marcxml/schema/MARC21slim.xsd"
    xmlns="http://www.loc.gov/MARC21/slim">

  <leader>01416nam a2200337 a 4500</leader>
  <controlfield tag="008">951211s1980||||[C               0  slo c</controlfield>
  <datafield tag="020" ind1=" " ind2=" ">
    <subfield code="c">110 K&#x10D;s. </subfield>
    <subfield code="q">(30000 v&#xFD;tl.)</subfield>
  </datafield>
  <datafield tag="040" ind1=" " ind2=" ">
    <subfield code="a">SNK</subfield>
    <subfield code="b">slo</subfield>
    <subfield code="c">SNK</subfield>
    <subfield code="e">AACR2</subfield>
  </datafield>
  <datafield tag="041" ind1="1" ind2=" ">
    <subfield code="a">slo</subfield>
    <subfield code="h">slo</subfield>
  </datafield>
  <datafield tag="044" ind1=" " ind2=" ">
    <subfield code="a">xo</subfield>
    <subfield code="c">SK</subfield>
  </datafield>
  <datafield tag="080" ind1=" " ind2=" ">
    <subfield code="a">796/799(100)(031)</subfield>
  </datafield>
  <datafield tag="245" ind1="1" ind2="0">
    <subfield code="a">Mal&#xE1; encyklop&#xE9;dia telesnej v&#xFD;chovy a &#x161;portu</subfield>
    <subfield code="b">Dejiny a te&#xF3;ria telesnej kult&#xFA;ry. Odvetvia telesnej v&#xFD;chovy a &#x161;portu. Formy masovej a rekrea&#x10D;nej aktivity. &#x160;porty. V&#xFD;znamn&#xE9; postavy. &#x160;portov&#xE9; organiz&#xE1;cie ; Jarom&#xED;r Per&#xFA;tka, Jolana Mi&#x161;urov&#xE1;, Franti&#x161;ek &#x160;ub&#xED;n, Tibor Hrabovsk&#xFD;, Jozef Kuchta, Milan Kri&#x161;&#x161;&#xE1;k, Peter Posp&#xED;&#x161;il, J&#xFA;lius Psotka, Milan Richter, Karel Schubert, J&#xE1;n S&#xFA;kup, Ivan Urbanovi&#x10D;, Igor &#x10C;echvala</subfield>
  </datafield>
  <datafield tag="250" ind1=" " ind2=" ">
    <subfield code="a">1., vyd.</subfield>
  </datafield>
  <datafield tag="260" ind1=" " ind2=" ">
    <subfield code="a">Bratislava</subfield>
    <subfield code="b">&#x160;port</subfield>
    <subfield code="c">1980</subfield>
    <subfield code="e">Martin</subfield>
    <subfield code="f">Tla&#x10D;iarne SNP</subfield>
  </datafield>
  <datafield tag="300" ind1=" " ind2=" ">
    <subfield code="a">776 s., 115,29 AH</subfield>
    <subfield code="b">Tb.</subfield>
    <subfield code="c">24 cm</subfield>
  </datafield>
  <datafield tag="500" ind1=" " ind2=" ">
    <subfield code="a">Spoluvyd. Obzor, Bratislava. Opr.</subfield>
  </datafield>
  <datafield tag="700" ind1="1" ind2=" ">
    <subfield code="a">Per&#xFA;tka, Jarom&#xED;r</subfield>
    <subfield code="4">com</subfield>
  </datafield>
  <datafield tag="700" ind1="1" ind2=" ">
    <subfield code="a">Mi&#x161;urov&#xE1;, Jolana</subfield>
    <subfield code="4">bkd</subfield>
  </datafield>
  <datafield tag="700" ind1="1" ind2=" ">
    <subfield code="a">&#x160;ub&#xED;n, Franti&#x161;ek</subfield>
    <subfield code="4">bkd</subfield>
  </datafield>
  <datafield tag="700" ind1="1" ind2=" ">
    <subfield code="a">Hrabovsk&#xFD;, Tibor</subfield>
    <subfield code="4">bkd</subfield>
  </datafield>
  <datafield tag="700" ind1="1" ind2=" ">
    <subfield code="a">Kuchta, Jozef</subfield>
    <subfield code="4">bkd</subfield>
  </datafield>
  <datafield tag="700" ind1="1" ind2=" ">
    <subfield code="a">Kri&#x161;&#x161;&#xE1;k, Milan</subfield>
    <subfield code="4">bkd</subfield>
  </datafield>
  <datafield tag="700" ind1="1" ind2=" ">
    <subfield code="a">Posp&#xED;&#x161;il, Peter</subfield>
    <subfield code="4">bkd</subfield>
  </datafield>
  <datafield tag="700" ind1="1" ind2=" ">
    <subfield code="a">Psotka, J&#xFA;lius</subfield>
    <subfield code="4">bkd</subfield>
  </datafield>
  <datafield tag="700" ind1="1" ind2=" ">
    <subfield code="a">Richter, Milan</subfield>
    <subfield code="4">bkd</subfield>
  </datafield>
  <datafield tag="700" ind1="1" ind2=" ">
    <subfield code="a">Schubert, Karel</subfield>
    <subfield code="4">bkd</subfield>
  </datafield>
  <datafield tag="700" ind1="1" ind2=" ">
    <subfield code="a">S&#xFA;kup, J&#xE1;n</subfield>
    <subfield code="4">bkd</subfield>
  </datafield>
  <datafield tag="700" ind1="1" ind2=" ">
    <subfield code="a">Urbanovi&#x10D;, Ivan</subfield>
    <subfield code="4">bkd</subfield>
  </datafield>
  <datafield tag="700" ind1="1" ind2=" ">
    <subfield code="a">&#x10C;echvala, Igor</subfield>
    <subfield code="4">bkd</subfield>
  </datafield>
  <datafield tag="958" ind1=" " ind2=" ">
    <subfield code="a">A</subfield>
  </datafield>
  <datafield tag="999" ind1=" " ind2=" ">
    <subfield code="c">15147</subfield>
    <subfield code="d">15147</subfield>
  </datafield>
  <datafield tag="952" ind1=" " ind2=" ">
    <subfield code="0">0</subfield>
    <subfield code="1">0</subfield>
    <subfield code="4">0</subfield>
    <subfield code="7">0</subfield>
    <subfield code="8">K</subfield>
    <subfield code="a">10000</subfield>
    <subfield code="b">10000</subfield>
    <subfield code="d">2019-11-29</subfield>
    <subfield code="g">110.00</subfield>
    <subfield code="i">14183</subfield>
    <subfield code="o">I 0250</subfield>
    <subfield code="r">2019-11-29</subfield>
    <subfield code="w">2019-11-29</subfield>
    <subfield code="y">OLDO</subfield>
  </datafield>
</record>
